000 00267nam a2200109Ia 4500
008 240109s9999 xx 000 0 und d
041 _aeng
100 _aGita Piramal
245 _aBusiness Legends
260 _bPenguin Books India Pvt Ltd
650 _aManagement
999 _c1024177
_d1024177